| 000 | 00725nam a22002177a 4500 | ||
|---|---|---|---|
| 999 |
_c14695 _d14695 |
||
| 003 | AR-CdUCM | ||
| 008 | 190328b ||||| |||| 00| 0 eng d | ||
| 020 | _a978-603-4016-52-1 | ||
| 040 |
_aMUNICIPALIDAD PROVINCIAL DEL CUSCO _cBIBLIOTECA MUNICIPAL DEL CUSCO |
||
| 082 |
_aPI / 808.06 / _bIL39 |
||
| 100 |
_aIllanes, Anamaría. _933562 |
||
| 245 | _aAmigos en el bosque / | ||
| 260 |
_aPerú : _bSantillana, _bAlfaguara Infantil, _c2013. |
||
| 300 |
_a45 páginas ; _bIlustraciones a color, _c19 cm. |
||
| 505 | _aContenido :Amigos en el bosque. | ||
| 650 |
_aCuentos infantiles peruanos _93914 |
||
| 650 |
_aSiglo XX _98 |
||
| 700 |
_aMoya, Rubén (Ilustrador) _933563 |
||
| 942 |
_2ddc _cLIBROS |
||
| 945 |
_arum _d2019-04-24 |
||